000 00941cam a22002533a 4500
001 6183
003 PGUSA
005 20140828083129.0
008 040701s2004||||xxu|||||s|||||000 1 eng d
040 _aPGUSA
_beng
042 _adc
050 4 _aPS
100 1 _aParker, Gilbert,
_d1862-1932
245 1 2 _aA Romany of the Snows, vol. 4 :
_bBeing a Continuation of the Personal Histories of "Pierre and His People" and the Last Existing Records of Pretty Pierre
_h[electronic resource] /
_cGilbert Parker
260 _bProject Gutenberg,
_c2004
505 0 _aLittle Babiche -- At Point o' Bugles -- The spoil of the puma -- The trail of the sun dogs -- The pilot of Belle Amour.
506 _aPublic domain in the USA.
516 _aElectronic text
653 _aShort stories, Canadian
653 _aCanada, Northern -- Fiction
830 0 _aProject Gutenberg
_v6183
856 4 0 _uhttp://www.gutenberg.org/ebooks/6183
942 _cEB
999 _c235506
_d235506